|
|
|
|
| LEADER |
02421nam a2200517 i 4500 |
| 001 |
nkc20243637228 |
| 003 |
CZ PrNK |
| 005 |
20251109180005.0 |
| 007 |
ta |
| 008 |
241010s2024 xr a b 6 000 1 cze |
| 015 |
|
|
|a cnb003637228
|
| 020 |
|
|
|a 978-80-7637-504-8
|q (vázáno)
|
| 035 |
|
|
|a (OCoLC)1477947449
|
| 040 |
|
|
|a ABG001
|b cze
|e rda
|
| 041 |
1 |
|
|a cze
|h eng
|
| 072 |
|
7 |
|a 741.52
|x Komiksy. Komiksové adaptace
|2 Konspekt
|9 21
|
| 072 |
|
7 |
|a 821-93
|x Literatura pro děti a mládež (beletrie)
|2 Konspekt
|9 26
|
| 080 |
|
|
|a 741.52(0:82-32)
|2 MRF
|
| 080 |
|
|
|a 821-93
|2 MRF
|
| 100 |
1 |
|
|a Pearson, Luke,
|d 1987-
|7 xx0203072
|4 aut
|4 ill
|
| 240 |
1 |
0 |
|a Hide from the Rain.
|l Česky
|
| 245 |
1 |
0 |
|a Hilda a Větvík.
|p Prší, prší, jen se leje /
|c Luke Pearson ; přeložila Martina Knápková
|
| 246 |
3 |
0 |
|a Prší, prší, jen se leje
|
| 250 |
|
|
|a Vydání první
|
| 264 |
|
1 |
|a V Praze :
|b Paseka,
|c 2024
|
| 300 |
|
|
|a 50 nečíslovaných stran :
|b barevné ilustrace ;
|c 29 cm
|
| 336 |
|
|
|a text
|b txt
|2 rdacontent
|
| 336 |
|
|
|a statický obraz
|b sti
|2 rdacontent
|
| 337 |
|
|
|a bez média
|b n
|2 rdamedia
|
| 338 |
|
|
|a svazek
|b nc
|2 rdacarrier
|
| 500 |
|
|
|a Přeloženo z angličtiny
|
| 520 |
2 |
|
|a Nový příběh modrovlasé holčičky a jejího věrného pejska, přesněji řečeno liškolouška, Větvíka.
|b Když se Hilda s Větvíkem vydají na výpravu, jen tak nějaký deštíček je nezastaví. Jenže tentokrát to vypadá na pořádnou bouřku! Nerozlučná dvojice se tak tak stihne schovat v tajemné mohyle - ale tím dobrodružství teprve začíná. Číhá na ně nebezpečí, které má spoustu šupin a nahnalo by strach i statečnějším zvířatům, než je malý liškoloušek. Ale nic naplat, Větvík se musí vydat vstříc nečasu, aby modrovlasou kamarádku ochránil. Nakladatelská anotace. Kráceno.
|
| 521 |
8 |
|
|a Pro děti od 5 let
|
| 655 |
|
7 |
|a komiksy
|7 fd131978
|2 czenas
|
| 655 |
|
7 |
|a publikace pro děti
|7 fd133156
|2 czenas
|
| 655 |
|
9 |
|a comics (graphic works)
|2 eczenas
|
| 655 |
|
9 |
|a children's literature
|2 eczenas
|
| 700 |
1 |
|
|a Knápková, Martina,
|d 1983-
|7 mzk2008434230
|4 trl
|
| 765 |
1 |
|
|t Hilda and Twig
|9 Česky
|
| 787 |
0 |
8 |
|i Z cyklu:
|t Hilda
|
| 910 |
2 |
|
|a BOA001
|b 4-1536.078
|
| 920 |
|
|
|a 5018515
|z ABG001
|
| 990 |
|
|
|a BK
|
| 995 |
|
|
|a 01
|
| 991 |
|
|
|b 202411
|c NOV
|
| 996 |
6 |
|
|b 2610985246
|c 4-1536.078
|l MZK
|r Sklad / do 1 hodiny
|n 2
|p p.v.
|w 001983729
|u 000010
|a 1
|e BOA001
|j MZK50
|s P
|